| 000 | 00443nam a2200157Ia 4500 | ||
|---|---|---|---|
| 008 | 230917s9999||||xx |||||||||||||| ||und|| | ||
| 040 |
_e78164 _aMAIN |
||
| 041 | _aEnglish | ||
| 082 | _a346.022 R14L | ||
| 100 | _aRamachandran, V G | ||
| 245 | 0 | _alaw of contract in India : a comparative study 3v, v1. Ss 1 to 30; v2:sec 31 to 147 | |
| 250 | _a2nd ed. | ||
| 260 |
_aLucknow _bEastern Book _c1984 |
||
| 300 | _avi, 1066-2120 p. | ||
| 942 | _cBK | ||
| 999 |
_c43973 _d43973 |
||